000
00269nam a2200121 a 4500
001
4140
005
20140414132031.0
008
090218s19uu xx 00 eng d
050
_a
TR
_b
OT8 2004
100
_a
Parr, Todd
245
_a
Otto goes to camp.
999
_c
113626
_d
113626